Polder - prvok protipovodňovej ochrany územia

Gespeichert in:
Bibliographische Detailangaben
1. Verfasser: Schubert, Michal, 1985- (Verfasst von)
Weitere Verfasser: Minárik, Marián, 1977- (Betreuung Doktorarbeit)
Format: Manuskript Buch
Sprache:Slowakisch
Veröffentlicht: Bratislava : STU v Bratislave SvF, 2012
Schlagworte:
Online-Zugang:VAIS
Tags: Tag hinzufügen
Keine Tags, Fügen Sie das erste Tag hinzu!

MARC

LEADER 00000ntm a22000003a 4500
001 stu251918
005 20160721135637.4
008 120720s2012----xo------------------slo-d
040 |a STU  |b slo 
041 0 |a slo 
044 |a xo 
100 1 |a Schubert, Michal,  |d 1985-  |4 aut  |X 39025  |7 A000039025 
242 0 0 |a Polder - element of flood protection  |y eng 
245 1 |a Polder - prvok protipovodňovej ochrany územia  
260 |a Bratislava :  |b STU v Bratislave SvF,  |c 2012 
650 7 |a vodné stavby a vodné hospodárstvo  |2 stusub 
650 7 |a Hydraulic and Water Resources Engineering  |2 estusub 
650 7 |a polder  |2 stusub 
650 7 |a polder  |2 estusub 
650 7 |a flood protection  |2 estusub 
650 7 |a polder  |2 stusub 
650 7 |a polder  |2 estusub 
650 7 |a protipovodňová ochrana  |2 stusub 
700 1 |a Minárik, Marián,  |d 1977-  |4 ths  |u V150  |U SvF Stavebná fakulta  |T SvF Katedra geotechniky  |X 785  |U V150  |Y 15  |7 A000000785 
856 4 |a info a plný text  |u http://is.stuba.sk/zp/portal_zp.pl?podrobnosti=81596  |3 VAIS